000 00383nam a2200157Ia 4500
008 240729s9999 xx 000 0 und d
022 _a2673-4141
245 0 _aHydrogen
260 _aSwitzerland
260 _bMDPI AG
650 _a Science (General)
650 _aScience
856 _uhttps://doaj.org/toc/6e49ed4584084e3d80e3e29cde9f4d44
942 _2ddc
942 _cDOAJEJ
999 _c71938
_d71938
945 _a1
_bMadushi Gamage
_c1
_dMadushi Gamage